[Event "2. Bundesliga Ost 2008/2009"]
[Site "3-5.10.Bruck,22-23.11.Poechlarn,17-18.1.Wr.Neust,28
[Date "2008.11.23"]
[Round "5"]
[Board "4"]
[White "Todor, Razvan"]
[Black "Schmid, Thomas"]
[Result "1/2-1/2"]
[WhiteElo "2215"]
[BlackElo "2172"]
[PlyCount "53"]
[EventDate "2008.10.03"]
[EventType "team"]
[EventRounds "11"]
[EventCountry "AUT"]
[WhiteTeam "1. Wr. Neustaedter SV"]
[BlackTeam "SV Stockerau"]

1.d4 Nf6 2.Nf3 g6 3.Nc3 d5 4.Bf4 Bg7 5.e3 O-O 6.Be2 c5 7.Ne5 Nc6 8.h4 Qb6 9.Nxc6
Qxc6 10.h5 a6 11.Bf3 Rd8 12.hxg6 hxg6 13.Be5 Be6 14.Ne2 Bf5 15.c3 Be4 16.Ng3 b5
17.Kf1 Bxf3 18.gxf3 Nh7 19.Bxg7 Kxg7 20.Kg2 Nf6 21.Qe2 Rac8 22.Rh4 cxd4 23.exd4
Qe6 24.Qd2 Rh8 25.Rah1 Rxh4 26.Rxh4 Rh8 27.Rxh8

[Event "2. Bundesliga Ost 2008/2009"]
[Site "3-5.10.Bruck,22-23.11.Poechlarn,17-18.1.Wr.Neust,28
[Date "2008.11.23"]
[Round "5"]
[Board "5"]
[White "Sadilek, Maximilian"]
[Black "Wiedner, Robert"]
[Result "1-0"]
[WhiteElo "2164"]
[BlackElo "2189"]
[PlyCount "120"]
[EventDate "2008.10.03"]
[EventType "team"]
[EventRounds "11"]
[EventCountry "AUT"]
[WhiteTeam "SV Stockerau"]
[BlackTeam "1. Wr. Neustaedter SV"]

1.e4 c6 2.d4 Qc7 3.Nc3 g6 4.h4 h5 5.Bc4 b5 6.Bb3 e6 7.d5 Na6 8.Nf3 Nc5 9.Qd4 Rh7
10.Be3 a5 11.a3 Bb7 12.O-O Nh6 13.Rad1 Ng4 14.d6 Nxb3 15.cxb3 Qb8 16.e5 Bg7
17.Bf4 Qa7 18.Qd2 Rh8 19.b4 Qb6 20.Rfe1 a4 21.Ne4 O-O-O 22.Nc5 Rde8 23.b3 axb3
24.a4 f6 25.axb5 fxe5 26.Nxe5 Bxe5 27.Bxe5 Rhf8 28.Bg3 Rf6 29.Nxb7 Kxb7 30.bxc6+
Kxc6 31.Rc1+ Kb7 32.Rc7+ Kb8 33.Rxd7 e5 34.Re7 Rd8 35.R7xe5 Nxe5 36.Bxe5 Rff8
37.d7+ Kb7 38.Rc1 b2 39.Qd5+ Ka6 40.Qa2+ Kb7 41.Rc7+ Qxc7 42.Bxc7 Rxd7 43.Qxb2
Rxc7 44.f3 Rf4 45.Qd2 Rf5 46.Qd3 Kb6 47.g4 Rb5 48.Qxg6+ Rc6 49.Qe4 Rd6 50.g5
Rbd5 51.Kg2 Rd1 52.Qe3+ Kb5 53.Qe8+ Kc4 54.Qxh5 R6d2+ 55.Kg3 Rg1+ 56.Kf4 Rd4+
57.Kf5 Rd5+ 58.Kg6 Ra1 59.Qg4+ Kb5 60.Qe4 Ra8

[Event "2. Bundesliga Ost 2008/2009"]
[Site "3-5.10.Bruck,22-23.11.Poechlarn,17-18.1.Wr.Neust,28
[Date "2008.11.23"]
[Round "5"]
[Board "6"]
[White "Posch, Werner"]
[Black "Wiedermann, Franz"]
[Result "1/2-1/2"]
[WhiteElo "2234"]
[BlackElo "2070"]
[PlyCount "44"]
[EventDate "2008.10.03"]
[EventType "team"]
[EventRounds "11"]
[EventCountry "AUT"]
[WhiteTeam "1. Wr. Neustaedter SV"]
[BlackTeam "SV Stockerau"]

1.e4 d5 2.exd5 Qxd5 3.Nc3 Qa5 4.d4 c6 5.Nf3 Nf6 6.Bc4 Bf5 7.Bd2 e6 8.Nd5 Qd8
9.Ne3 Be4 10.c3 Nbd7 11.O-O h6 12.Re1 Bd6 13.Bb3 Qc7 14.Nc4 Bf4 15.g3 Bxd2
16.Ncxd2 Bf5 17.Kg2 Rd8 18.Bc2 Bxc2 19.Qxc2 c5 20.Rad1 cxd4 21.Nxd4 O-O 22.Ne4
Nxe4

[Event "2. Bundesliga Ost 2008/2009"]
[Site "3-5.10.Bruck,22-23.11.Poechlarn,17-18.1.Wr.Neust,28
[Date "2008.11.23"]
[Round "5"]
[Board "1"]
[White "Pacher, Milan"]
[Black "Farago, Ivan"]
[Result "0-1"]
[WhiteElo "2357"]
[BlackElo "2489"]
[PlyCount "90"]
[EventDate "2008.10.03"]
[EventType "team"]
[EventRounds "11"]
[EventCountry "AUT"]
[WhiteTeam "Austria Wien"]
[BlackTeam "ASVOE VHS Poechlarn"]

1.e4 e6 2.d4 d5 3.Nc3 Bb4 4.exd5 exd5 5.Bd3 Nc6 6.a3 Bxc3+ 7.bxc3 Nce7 8.Qf3 Nf6
9.Bg5 Ne4 10.Bxe4 dxe4 11.Qxe4 f6 12.Bf4 O-O 13.Ne2 Re8 14.Be3 Nd5 15.Qd3 Qe7
16.O-O Nxe3 17.fxe3 Qxe3+ 18.Qxe3 Rxe3 19.Kf2 Re8 20.Nf4 Bf5 21.Rab1 b6 22.Nd5
Rac8 23.Rbe1 Be4 24.Ne3 Kf7 25.c4 Re7 26.g3 Rce8 27.Rc1 g5 28.g4 Kg6 29.Kg3 Bd3
30.cxd3 Rxe3+ 31.Rf3 h5 32.gxh5+ Kxh5 33.d5 f5 34.c5 f4+ 35.Kf2 Rxf3+ 36.Kxf3
Re3+ 37.Kg2 bxc5 38.Rxc5 Rxd3 39.Rxc7 Kg4 40.Rxa7 Rd2+ 41.Kf1 Kf3 42.Ke1 Rxd5
43.a4 Kg2 44.Rb7 f3 45.Rb2+ Kg1

[Event "2. Bundesliga Ost 2008/2009"]
[Site "3-5.10.Bruck,22-23.11.Poechlarn,17-18.1.Wr.Neust,28
[Date "2008.11.23"]
[Round "5"]
[Board "2"]
[White "Kostic, Vladimir"]
[Black "Plachetka, Jan"]
[Result "1-0"]
[WhiteElo "2422"]
[BlackElo "2406"]
[PlyCount "43"]
[EventDate "2008.10.03"]
[EventType "team"]
[EventRounds "11"]
[EventCountry "AUT"]
[WhiteTeam "ASVOE VHS Poechlarn"]
[BlackTeam "Austria Wien"]

1.e4 e5 2.Bc4 Nf6 3.d3 c6 4.Bb3 d5 5.Nf3 dxe4 6.Ng5 Bg4 7.Qd2 Bh5 8.Nxe4 Nxe4
9.dxe4 Qh4 10.O-O Nd7 11.Nc3 Bc5 12.Qe1 Nf6 13.h3 Bg4 14.Be3 Bxh3 15.gxh3 Qxh3
16.f3 Ng4 17.Bxf7+ Kd7 18.Qd2+ Bd4 19.Bxd4 exd4 20.Qxd4+ Kc7 21.Nb5+ cxb5
22.Qc5+

[Event "2. Bundesliga Ost 2008/2009"]
[Site "3-5.10.Bruck,22-23.11.Poechlarn,17-18.1.Wr.Neust,28
[Date "2008.11.23"]
[Round "5"]
[Board "3"]
[White "Hangweyrer, Manfred"]
[Black "Rumpl, Erwin"]
[Result "1/2-1/2"]
[WhiteElo "2338"]
[BlackElo "2310"]
[PlyCount "39"]
[EventDate "2008.10.03"]
[EventType "team"]
[EventRounds "11"]
[EventCountry "AUT"]
[WhiteTeam "Austria Wien"]
[BlackTeam "ASVOE VHS Poechlarn"]

1.Nf3 d5 2.c4 c6 3.g3 Nf6 4.Bg2 g6 5.O-O Bg7 6.cxd5 cxd5 7.d4 O-O 8.Ne5 e6 9.Nc3
Nfd7 10.f4 f6 11.Nf3 f5 12.Be3 Nc6 13.Rc1 Nf6 14.Ne5 Bd7 15.Kh1 Qe7 16.Na4 Rfc8
17.Nc5 Be8 18.Qd2 b6 19.Ncd3 Ne4 20.Qe1

[Event "2. Bundesliga Ost 2008/2009"]
[Site "3-5.10.Bruck,22-23.11.Poechlarn,17-18.1.Wr.Neust,28
[Date "2008.11.23"]
[Round "5"]
[Board "4"]
[White "Weinzettl, Ernst"]
[Black "Poecksteiner, Johann"]
[Result "1-0"]
[WhiteElo "2249"]
[BlackElo "2169"]
[PlyCount "49"]
[EventDate "2008.10.03"]
[EventType "team"]
[EventRounds "11"]
[EventCountry "AUT"]
[WhiteTeam "ASVOE VHS Poechlarn"]
[BlackTeam "Austria Wien"]

1.e4 c5 2.Nf3 Nc6 3.Nc3 e5 4.Bc4 Be7 5.d3 d6 6.Nd2 Nf6 7.Nf1 O-O 8.Ne3 Be6 9.O-O
Rc8 10.a3 Nd4 11.Ncd5 Nxd5 12.Bxd5 Bxd5 13.Nxd5 Bg5 14.f4 exf4 15.Bxf4 Bxf4
16.Rxf4 Ne6 17.Rg4 Nc7 18.Ne3 d5 19.Nf5 g6 20.Qd2 f6 21.Qh6 Qd7 22.Rf1 dxe4
23.Rxg6+ hxg6 24.Qxg6+ Kh8 25.Rf4

[Event "2. Bundesliga Ost 2008/2009"]
[Site "3-5.10.Bruck,22-23.11.Poechlarn,17-18.1.Wr.Neust,28
[Date "2008.11.23"]
[Round "5"]
[Board "5"]
[White "Rogetzer, Klaus"]
[Black "Mittermayr, Gerhard"]
[Result "1/2-1/2"]
[WhiteElo "2091"]
[BlackElo "2175"]
[PlyCount "31"]
[EventDate "2008.10.03"]
[EventType "team"]
[EventRounds "11"]
[EventCountry "AUT"]
[WhiteTeam "Austria Wien"]
[BlackTeam "ASVOE VHS Poechlarn"]

1.d4 f5 2.g3 Nf6 3.Bg2 e6 4.Nf3 d5 5.O-O c6 6.b3 Bd6 7.c4 Qe7 8.Bb2 O-O 9.Nbd2
Bd7 10.Qc2 Ne4 11.Ne5 Bb4 12.Nb1 Qg5 13.Bc1 Qh5 14.Bf3 Qh3 15.c5 Rf6 16.Bg2

[Event "2. Bundesliga Ost 2008/2009"]
[Site "3-5.10.Bruck,22-23.11.Poechlarn,17-18.1.Wr.Neust,28
[Date "2008.11.23"]
[Round "5"]
[Board "6"]
[White "Posch, Roland"]
[Black "Steiner, Johann"]
[Result "1/2-1/2"]
[WhiteElo "2052"]
[BlackElo "2054"]
[PlyCount "32"]
[EventDate "2008.10.03"]
[EventType "team"]
[EventRounds "11"]
[EventCountry "AUT"]
[WhiteTeam "ASVOE VHS Poechlarn"]
[BlackTeam "Austria Wien"]

1.e4 d5 2.exd5 Qxd5 3.Nc3 Qa5 4.d4 Nf6 5.Bd2 c6 6.Nf3 Bf5 7.Bc4 e6 8.O-O Be7
9.Ne4 Qc7 10.Ng3 Bg6 11.Ne5 Nbd7 12.Bf4 Nxe5 13.Bxe5 Bd6 14.Re1 Bxe5 15.dxe5 Nd7
16.Qe2 O-O-O

[Event "2. Bundesliga Ost 2008/2009"]
[Site "3-5.10.Bruck,22-23.11.Poechlarn,17-18.1.Wr.Neust,28
[Date "2008.11.23"]
[Round "5"]
[Board "1"]
[White "Manik, Mikulas"]
[Black "Videki, Sandor"]
[Result "1-0"]
[WhiteElo "2448"]
[BlackElo "2428"]
[PlyCount "90"]
[EventDate "2008.10.03"]
[EventType "team"]
[EventRounds "11"]
[EventCountry "AUT"]
[WhiteTeam "ASVOE Pamhagen"]
[BlackTeam "Spg Data Technlogy Eichgraben/P."]

1.e4 d6 2.d4 Nf6 3.Nc3 g6 4.Be3 Bg7 5.Qd2 c6 6.f3 b5 7.g4 h5 8.g5 Nfd7 9.Nge2
Nb6 10.b3 Qc7 11.Bg2 Bb7 12.f4 O-O 13.f5 b4 14.Nd1 c5 15.O-O N8d7 16.Nf4 cxd4
17.Bxd4 Bxd4+ 18.Qxd4 Qc5 19.Qxc5 Nxc5 20.fxg6 fxg6 21.Nxg6 Rxf1+ 22.Kxf1 Bxe4
23.Nxe7+ Kf7 24.Nc6 Kg6 25.Nxb4 Kxg5 26.Nf2 Bxg2+ 27.Kxg2 a5 28.Nbd3 Nxd3
29.Nxd3 Nd5 30.Rg1 Rf8 31.Kh3+ Kh6 32.Re1 Rf6 33.a4 Nc3 34.Kg3 d5 35.Re5 Rf1
36.Re6+ Kg5 37.h4+ Kf5 38.Rh6 Ne4+ 39.Kg2 Rd1 40.Rxh5+ Kg4 41.Rg5+ Kxh4 42.Rxd5
Rd2+ 43.Kf3 Ng5+ 44.Ke3 Rxc2 45.Rxa5 Kg4

[Event "2. Bundesliga Ost 2008/2009"]
[Site "3-5.10.Bruck,22-23.11.Poechlarn,17-18.1.Wr.Neust,28
[Date "2008.11.23"]
[Round "5"]
[Board "3"]
[White "Alvir, Aco"]
[Black "Neumeier, Klaus"]
[Result "1-0"]
[WhiteElo "2386"]
[BlackElo "2319"]
[PlyCount "61"]
[EventDate "2008.10.03"]
[EventType "team"]
[EventRounds "11"]
[EventCountry "AUT"]
[WhiteTeam "ASVOE Pamhagen"]
[BlackTeam "Spg Data Technlogy Eichgraben/P."]

1.e4 e5 2.Nf3 Nc6 3.Bb5 a6 4.Ba4 Nf6 5.O-O Be7 6.Re1 b5 7.Bb3 O-O 8.a4 Bb7 9.Nc3
d6 10.d3 Na5 11.Ba2 b4 12.Nd5 Nxd5 13.Bxd5 Bxd5 14.exd5 c6 15.d4 f6 16.dxc6 Nxc6
17.Qe2 Rf7 18.Qc4 Qb6 19.Be3 Qb7 20.c3 bxc3 21.bxc3 Na5 22.Qe6 Qc6 23.Rab1 Qc4
24.d5 Nb3 25.Rb2 Raf8 26.Reb1 Nc5 27.Bxc5 Qxc5 28.Rb7 Bd8 29.Rxf7 Rxf7 30.Rb7
Bc7 31.Qc8+

[Event "2. Bundesliga Ost 2008/2009"]
[Site "3-5.10.Bruck,22-23.11.Poechlarn,17-18.1.Wr.Neust,28
[Date "2008.11.23"]
[Round "5"]
[Board "4"]
[White "Weissenbeck, Manuel"]
[Black "Franzen, Jozef"]
[Result "1/2-1/2"]
[WhiteElo "2279"]
[BlackElo "2318"]
[PlyCount "34"]
[EventDate "2008.10.03"]
[EventType "team"]
[EventRounds "11"]
[EventCountry "AUT"]
[WhiteTeam "Spg Data Technlogy Eichgraben/P."]
[BlackTeam "ASVOE Pamhagen"]

1.d4 Nf6 2.Nf3 e6 3.c4 Bb4+ 4.Nbd2 O-O 5.e3 d6 6.a3 Bxd2+ 7.Bxd2 Nc6 8.b4 Ne4
9.Bd3 f5 10.b5 Nb8 11.O-O Nd7 12.Qc2 Ndf6 13.a4 Bd7 14.Bb4 Be8 15.Nd2 Bg6 16.f3
Nxd2 17.Bxd2 Nh5

[Event "2. Bundesliga Ost 2008/2009"]
[Site "3-5.10.Bruck,22-23.11.Poechlarn,17-18.1.Wr.Neust,28
[Date "2008.11.23"]
[Round "5"]
[Board "5"]
[White "Vitouch, Anatol"]
[Black "Hechl, Gerald"]
[Result "1/2-1/2"]
[WhiteElo "2230"]
[BlackElo "2218"]
[PlyCount "32"]
[EventDate "2008.10.03"]
[EventType "team"]
[EventRounds "11"]
[EventCountry "AUT"]
[WhiteTeam "ASVOE Pamhagen"]
[BlackTeam "Spg Data Technlogy Eichgraben/P."]

1.Nf3 d5 2.g3 Nf6 3.Bg2 Bg4 4.c4 c6 5.Ne5 Be6 6.cxd5 Bxd5 7.Nf3 c5 8.Nc3 Bc6
9.O-O Nbd7 10.d3 e6 11.a3 Be7 12.Rb1 Rc8 13.Bd2 a5 14.a4 O-O 15.b3 h6 16.Rc1 b6

[Event "2. Bundesliga Ost 2008/2009"]
[Site "3-5.10.Bruck,22-23.11.Poechlarn,17-18.1.Wr.Neust,28
[Date "2008.11.23"]
[Round "5"]
[Board "6"]
[White "Pichler, Michael"]
[Black "Kuthan, Andreas"]
[Result "1/2-1/2"]
[WhiteElo "2166"]
[BlackElo "2201"]
[PlyCount "31"]
[EventDate "2008.10.03"]
[EventType "team"]
[EventRounds "11"]
[EventCountry "AUT"]
[WhiteTeam "Spg Data Technlogy Eichgraben/P."]
[BlackTeam "ASVOE Pamhagen"]

1.e4 e6 2.d4 d5 3.e5 c5 4.c3 Nc6 5.Nf3 Qb6 6.a3 Nh6 7.b4 cxd4 8.cxd4 Nf5 9.Bb2
Bd7 10.g4 Nfe7 11.Nc3 Ng6 12.Rc1 Be7 13.Na4 Qd8 14.Nc5 Bxc5 15.dxc5 O-O 16.Qd2

[Event "2. Bundesliga Ost 2008/2009"]
[Site "3-5.10.Bruck,22-23.11.Poechlarn,17-18.1.Wr.Neust,28
[Date "2008.11.23"]
[Round "5"]
[Board "1"]
[White "Lendwai, Reinhard"]
[Black "Kleiser, Gregor"]
[Result "1/2-1/2"]
[WhiteElo "2418"]
[BlackElo "2326"]
[PlyCount "31"]
[EventDate "2008.10.03"]
[EventType "team"]
[EventRounds "11"]
[EventCountry "AUT"]
[WhiteTeam "SK Advisory Invest Baden"]
[BlackTeam "SV Tschaturanga Neubau"]

1.c4 c6 2.d4 d5 3.Nf3 Nf6 4.Qb3 dxc4 5.Qxc4 Bf5 6.g3 e6 7.Nc3 Be7 8.Bg2 O-O
9.O-O Nbd7 10.Re1 Rc8 11.e4 b5 12.Qe2 Bg6 13.a3 a5 14.e5 Ne8 15.Bf4 Nc7 16.Rad1

[Event "2. Bundesliga Ost 2008/2009"]
[Site "3-5.10.Bruck,22-23.11.Poechlarn,17-18.1.Wr.Neust,28
[Date "2008.11.23"]
[Round "5"]
[Board "2"]
[White "Ernst, Michael"]
[Black "Brandner, Stefan"]
[Result "0-1"]
[WhiteElo "2195"]
[BlackElo "2296"]
[PlyCount "70"]
[EventDate "2008.10.03"]
[EventType "team"]
[EventRounds "11"]
[EventCountry "AUT"]
[WhiteTeam "SV Tschaturanga Neubau"]
[BlackTeam "SK Advisory Invest Baden"]

1.d4 g6 2.c4 Bg7 3.Nf3 d6 4.e4 Bg4 5.Be3 c5 6.Qb3 Bxf3 7.Qxb7 Nd7 8.gxf3 cxd4
9.Bd2 Rb8 10.Qxa7 Rxb2 11.Na3 Ngf6 12.Nb5 O-O 13.Bc1 Rc2 14.Nxd4 Rxc1+ 15.Rxc1
Nh5 16.Nc6 Qe8 17.a4 Nc5 18.Nxe7+ Kh8 19.Be2 f5 20.Nd5 fxe4 21.f4 Bd4 22.Qe7
Qxe7 23.Nxe7 Nxf4 24.Rd1 Nxe2 25.Rd2 Bc3 26.Kxe2 Bxd2 27.Kxd2 Rxf2+ 28.Ke3 Rf3+
29.Ke2 Nxa4 30.Ra1 Nb2 31.Rc1 Nd3 32.Rb1 Nf4+ 33.Kd1 e3 34.Rc1 Rf1+ 35.Kc2 e2

[Event "2. Bundesliga Ost 2008/2009"]
[Site "3-5.10.Bruck,22-23.11.Poechlarn,17-18.1.Wr.Neust,28
[Date "2008.11.23"]
[Round "5"]
[Board "3"]
[White "Sulyok, Michael"]
[Black "Zoernpfenning, Siegfried"]
[Result "1/2-1/2"]
[WhiteElo "2227"]
[BlackElo "2115"]
[PlyCount "88"]
[EventDate "2008.10.03"]
[EventType "team"]
[EventRounds "11"]
[EventCountry "AUT"]
[WhiteTeam "SK Advisory Invest Baden"]
[BlackTeam "SV Tschaturanga Neubau"]

1.c4 c5 2.Nc3 Nf6 3.g3 Nc6 4.Bg2 g6 5.Nf3 Bg7 6.O-O O-O 7.d4 d6 8.d5 Na5 9.Nd2
a6 10.Rb1 Qc7 11.b3 Rb8 12.Bb2 b5 13.Qc2 Bd7 14.Rfe1 e5 15.e4 Bh6 16.Bf1 Nh5
17.Be2 Ng7 18.Bd3 f5 19.Ne2 Qd8 20.f4 fxe4 21.Nxe4 Bg4 22.Nf2 Bxe2 23.Rxe2 exf4
24.Ng4 Qg5 25.Nxh6+ Qxh6 26.Re7 Rf7 27.Rxf7 Kxf7 28.Rf1 Nh5 29.Qd2 b4 30.gxf4
Re8 31.Qf2 Nf6 32.Qg2 Re3 33.Bb1 Qh3 34.Qxh3 Rxh3 35.Re1 Rf3 36.Bxf6 Kxf6
37.Re6+ Kf7 38.Rxd6 Nxb3 39.axb3 Rxb3 40.Be4 Rc3 41.f5 Rxc4 42.fxg6+ hxg6
43.Bxg6+ Kg7 44.Bd3 Rd4

[Event "2. Bundesliga Ost 2008/2009"]
[Site "3-5.10.Bruck,22-23.11.Poechlarn,17-18.1.Wr.Neust,28
[Date "2008.11.23"]
[Round "5"]
[Board "4"]
[White "Srienz, Christian"]
[Black "Rudolf, Herbert"]
[Result "1-0"]
[WhiteElo "2232"]
[BlackElo "2137"]
[PlyCount "43"]
[EventDate "2008.10.03"]
[EventType "team"]
[EventRounds "11"]
[EventCountry "AUT"]
[WhiteTeam "SV Tschaturanga Neubau"]
[BlackTeam "SK Advisory Invest Baden"]

1.c4 b6 2.Nc3 e6 3.d4 Bb7 4.a3 Nf6 5.Nf3 d5 6.cxd5 Nxd5 7.e3 g6 8.Bb5+ c6 9.Bd3
Bg7 10.Ne2 O-O 11.h4 h5 12.Ng3 Nd7 13.e4 N5f6 14.Bg5 Qb8 15.e5 Nd5 16.Qd2 c5
17.Bb5 Rd8 18.Bxd8 Qxd8 19.Bxd7 Qxd7 20.dxc5 bxc5 21.Ne4 Qc6 22.Rc1

[Event "2. Bundesliga Ost 2008/2009"]
[Site "3-5.10.Bruck,22-23.11.Poechlarn,17-18.1.Wr.Neust,28
[Date "2008.11.23"]
[Round "5"]
[Board "5"]
[White "Geismann, Bernhard"]
[Black "Ponjican, Erich"]
[Result "1/2-1/2"]
[WhiteElo "2131"]
[BlackElo "2175"]
[PlyCount "86"]
[EventDate "2008.10.03"]
[EventType "team"]
[EventRounds "11"]
[EventCountry "AUT"]
[WhiteTeam "SK Advisory Invest Baden"]
[BlackTeam "SV Tschaturanga Neubau"]

1.e4 Nf6 2.Nc3 d5 3.e5 Nfd7 4.Nxd5 Nxe5 5.Ne3 c5 6.Nf3 Nbc6 7.Nxe5 Nxe5 8.b3 g6
9.Bb2 Bg7 10.Nc4 Qc7 11.Qe2 Nxc4 12.Bxg7 Rg8 13.Bc3 Na3 14.Qe4 Bd7 15.Bd3 O-O-O
16.Qh4 Bf5 17.Bxf5+ gxf5 18.O-O-O Nb5 19.g3 e6 20.Bf6 Rd7 21.Qxh7 Re8 22.a4 Nd4
23.Qg7 Qb6 24.h4 c4 25.Bxd4 Rxd4 26.c3 Rd7 27.b4 Qxf2 28.h5 Red8 29.Qg5 Rd3
30.h6 Qxg3 31.Qxg3 Rxg3 32.h7 Rh8 33.Rh4 Rg4 34.Rdh1 Kd7 35.Kd1 Ke7 36.Ke2 Kf6
37.Kf3 Kg5 38.Rh5+ Kg6 39.Rh6+ Kg7 40.R6h5 Kf6 41.Rh6+ Ke5 42.R6h5 Kd5 43.R1h2
a6

[Event "2. Bundesliga Ost 2008/2009"]
[Site "3-5.10.Bruck,22-23.11.Poechlarn,17-18.1.Wr.Neust,28
[Date "2008.11.23"]
[Round "5"]
[Board "1"]
[White "Zilka, Stepan"]
[Black "Holemar, David"]
[Result "1/2-1/2"]
[WhiteElo "2471"]
[BlackElo "2326"]
[PlyCount "90"]
[EventDate "2008.10.03"]
[EventType "team"]
[EventRounds "11"]
[EventCountry "AUT"]
[WhiteTeam "Blackburne Nickelsdorf"]
[BlackTeam "SK Zwettl"]

1.d4 Nf6 2.c4 e6 3.Nc3 Bb4 4.g3 O-O 5.Bg2 c5 6.Nf3 d5 7.dxc5 Nc6 8.O-O Bxc5
9.Bg5 d4 10.Ne4 Be7 11.Nxf6+ Bxf6 12.Bxf6 Qxf6 13.b4 Nxb4 14.Qxd4 Rd8 15.Qc5 Nc6
16.Rab1 Rb8 17.Rfd1 Bd7 18.Nd2 b6 19.Qa3 Qe7 20.Qxe7 Nxe7 21.Ne4 Bc6 22.Rxd8+
Rxd8 23.c5 bxc5 24.Nxc5 Nd5 25.Rb3 Kf8 26.Ra3 Ra8 27.e4 Nb6 28.e5 Bxg2 29.Kxg2
Nc4 30.Nd7+ Ke7 31.Ra4 Kxd7 32.Rxc4 Rc8 33.Rg4 g6 34.Rf4 Ke7 35.Ra4 Rc7 36.Kf3
Kd7 37.Kg4 h6 38.Ra6 Ke7 39.f4 Kf8 40.a4 Kg7 41.h4 h5+ 42.Kf3 Rc3+ 43.Kf2 Rc2+
44.Ke3 Rc3+ 45.Kd4 Rxg3

[Event "2. Bundesliga Ost 2008/2009"]
[Site "3-5.10.Bruck,22-23.11.Poechlarn,17-18.1.Wr.Neust,28
[Date "2008.11.23"]
[Round "5"]
[Board "2"]
[White "Vyskocil, Neklan"]
[Black "Pinter, Erik"]
[Result "0-1"]
[WhiteElo "2315"]
[BlackElo "2415"]
[PlyCount "70"]
[EventDate "2008.10.03"]
[EventType "team"]
[EventRounds "11"]
[EventCountry "AUT"]
[WhiteTeam "SK Zwettl"]
[BlackTeam "Blackburne Nickelsdorf"]

1.e4 c5 2.Nf3 d6 3.Bb5+ Nd7 4.d4 Ngf6 5.Nc3 cxd4 6.Qxd4 a6 7.Bxd7+ Bxd7 8.Bg5
Rc8 9.O-O-O h6 10.Be3 e5 11.Qb6 Qxb6 12.Bxb6 Rc6 13.Be3 Be7 14.Nd2 Ng4 15.Nf1
Bg5 16.Bxg5 hxg5 17.Rd2 Be6 18.f3 Nf6 19.Ne3 g4 20.Ncd5 gxf3 21.gxf3 Bxd5
22.exd5 Rc5 23.Nf5 Kd7 24.Nxg7 Rxd5 25.Nf5 Rxd2 26.Kxd2 Nh5 27.Rf1 Ke6 28.Ne3 f5
29.Rg1 f4 30.Ng4 Nf6 31.Rg2 Nxg4 32.fxg4 Kf6 33.c4 Kg5 34.Kd3 f3 35.Rf2 Kf4

[Event "2. Bundesliga Ost 2008/2009"]
[Site "3-5.10.Bruck,22-23.11.Poechlarn,17-18.1.Wr.Neust,28
[Date "2008.11.23"]
[Round "5"]
[Board "3"]
[White "Vlcek, Stanislav"]
[Black "Mlynek, Petr"]
[Result "1-0"]
[WhiteElo "2312"]
[BlackElo "2218"]
[PlyCount "57"]
[EventDate "2008.10.03"]
[EventType "team"]
[EventRounds "11"]
[EventCountry "AUT"]
[WhiteTeam "Blackburne Nickelsdorf"]
[BlackTeam "SK Zwettl"]

1.e4 c6 2.d4 d5 3.exd5 cxd5 4.c4 Nf6 5.Nc3 e6 6.Nf3 Bb4 7.Bd3 O-O 8.O-O dxc4
9.Bxc4 b6 10.Bg5 Bb7 11.Re1 Bxc3 12.bxc3 Nbd7 13.Bd3 Qc7 14.c4 Qd6 15.Ne5 Rfd8
16.Nxd7 Rxd7 17.Bxf6 gxf6 18.Qg4+ Kf8 19.d5 Re8 20.Bxh7 f5 21.Qg5 b5 22.Qh6+ Ke7
23.Qh4+ Kf8 24.Qh6+ Ke7 25.Qh4+ Kf8 26.Bxf5 bxc4 27.Qh8+ Ke7 28.Qh4+ Kf8 29.Qh6+

[Event "2. Bundesliga Ost 2008/2009"]
[Site "3-5.10.Bruck,22-23.11.Poechlarn,17-18.1.Wr.Neust,28
[Date "2008.11.23"]
[Round "5"]
[Board "4"]
[White "Wagner, Stefan"]
[Black "Koffler, Daniel"]
[Result "1/2-1/2"]
[WhiteElo "2133"]
[BlackElo "2250"]
[PlyCount "36"]
[EventDate "2008.10.03"]
[EventType "team"]
[EventRounds "11"]
[EventCountry "AUT"]
[WhiteTeam "SK Zwettl"]
[BlackTeam "Blackburne Nickelsdorf"]

1.e4 e5 2.Nf3 Nc6 3.Bb5 a6 4.Ba4 Nf6 5.O-O Be7 6.Re1 b5 7.Bb3 d6 8.c3 O-O 9.h3
Na5 10.Bc2 c5 11.d4 Nd7 12.Nbd2 exd4 13.cxd4 Nc6 14.d5 Nce5 15.a4 Bb7 16.Qe2 Qb6
17.Nxe5 Nxe5 18.Nf3 Bf6

[Event "2. Bundesliga Ost 2008/2009"]
[Site "3-5.10.Bruck,22-23.11.Poechlarn,17-18.1.Wr.Neust,28
[Date "2008.11.23"]
[Round "5"]
[Board "5"]
[White "Bachofner, Christian"]
[Black "Janetschek, Karl"]
[Result "1/2-1/2"]
[WhiteElo "2110"]
[BlackElo "2267"]
[PlyCount "76"]
[EventDate "2008.10.03"]
[EventType "team"]
[EventRounds "11"]
[EventCountry "AUT"]
[WhiteTeam "Blackburne Nickelsdorf"]
[BlackTeam "SK Zwettl"]

1.e4 c5 2.Nf3 d6 3.d4 cxd4 4.Nxd4 Nf6 5.Nc3 g6 6.Be3 Bg7 7.Bc4 Ng4 8.Bb5+ Kf8
9.Qd2 Nxe3 10.Qxe3 Qb6 11.Rd1 Nc6 12.Bxc6 bxc6 13.b3 e5 14.Nf3 Qxe3+ 15.fxe3 Ke7
16.Na4 Bh6 17.Ke2 f5 18.exf5 Bxf5 19.Kd2 Ke6 20.c3 Rhf8 21.h3 Rf7 22.Rhf1 Raf8
23.Ke2 c5 24.c4 g5 25.Nc3 Bg6 26.g4 Bc2 27.Rd2 e4 28.Rxc2 Rxf3 29.Rxf3 Rxf3
30.Nxe4 Rxh3 31.Nf2 Rg3 32.Rd2 Bf8 33.Rd5 Be7 34.Rd1 h6 35.Rh1 Bf8 36.Rd1 Be7
37.Rh1 Bf8 38.Rd1 Ke5

[Event "2. Bundesliga Ost 2008/2009"]
[Site "3-5.10.Bruck,22-23.11.Poechlarn,17-18.1.Wr.Neust,28
[Date "2008.11.23"]
[Round "5"]
[Board "6"]
[White "Stadler, Peter"]
[Black "Steinert, Martin"]
[Result "0-1"]
[WhiteElo "2186"]
[BlackElo "2058"]
[PlyCount "64"]
[EventDate "2008.10.03"]
[EventType "team"]
[EventRounds "11"]
[EventCountry "AUT"]
[WhiteTeam "SK Zwettl"]
[BlackTeam "Blackburne Nickelsdorf"]

1.d4 Nf6 2.Nf3 g6 3.g3 Bg7 4.Bg2 O-O 5.O-O d6 6.c4 Nbd7 7.Nc3 c5 8.e4 cxd4
9.Nxd4 Ne5 10.b3 Bg4 11.Qc2 Qd7 12.Be3 Bh3 13.f3 Bxg2 14.Kxg2 Rfc8 15.Qd2 Nc6
16.Nde2 Qe8 17.Rad1 Nd7 18.Nf4 Nc5 19.Nce2 Rab8 20.Nd4 Nxd4 21.Bxd4 Bxd4 22.Qxd4
e5 23.Qxd6 exf4 24.Rd5 Rc6 25.Qxf4 Ne6 26.Qh4 Rcc8 27.Rfd1 Rd8 28.Rc1 Nc7 29.Rc5
Qd7 30.Rc2 Qd6 31.b4 b6 32.e5 Qd3

[Event "2. Bundesliga Ost 2008/2009"]
[Site "3-5.10.Bruck,22-23.11.Poechlarn,17-18.1.Wr.Neust,28
[Date "2009.01.17"]
[Round "6"]
[Board "1"]
[White "Varga, Zoltan"]
[Black "Blatny, Pavel"]
[Result "1-0"]
[WhiteElo "2494"]
[BlackElo "2416"]
[PlyCount "83"]
[EventDate "2008.10.03"]
[EventType "team"]
[EventRounds "11"]
[EventCountry "AUT"]
[WhiteTeam "ASVOE SK Lackenbach"]
[BlackTeam "SK Zwettl"]

1.e4 b6 2.d4 Bb7 3.Bd3 e6 4.Qe2 g6 5.Nf3 Bg7 6.O-O Ne7 7.c3 d6 8.a4 a6 9.Nbd2
Nd7 10.Re1 O-O 11.e5 dxe5 12.Nxe5 Nxe5 13.dxe5 Nd5 14.Nf3 c5 15.h4 Qc7 16.h5 Ne7
17.hxg6 hxg6 18.Bg5 Rfe8 19.Nh2 c4 20.Bxc4 Bxe5 21.Qxe5 Qxc4 22.Rad1 Nf5 23.g4
Qc6 24.f3 Ng7 25.Kg2 Qc5 26.Qf6 Bc6 27.b3 b5 28.a5 Rac8 29.Bh6 Qf8 30.Rh1 e5
31.Rd6 e4 32.Rxc6 Rxc6 33.Qxc6 Qa3 34.Bxg7 Re6 35.Qc8+ Kxg7 36.Nf1 exf3+ 37.Kg1
Kf6 38.Qd8+ Re7 39.Qd4+ Re5 40.Rh3 Qxa5 41.Rxf3+ Ke6 42.Rxf7